000 00895nam a2200253 a 4500
001 BRCA_6029
005 20190320205314.0
008 190411s2010----mx-#######---#000-0#spa-#
020 _a9786074622010
041 _aspa
044 _amx
050 4 _aF1210
_b.H56 2010
245 1 0 _aHistoria mínima de la vida cotidiana en México
_cPablo Escalante Gonzalbo ... [et al.] ; epílogo de Verónica Zárate Toscano.
260 _aMéxico
_bEl Colegio de México
_c2010
300 _a293 p.
_c21 cm.
500 _aSeminario de Historia de la Vida Cotidiana, Centro de Estudios Históricos
504 _aBibliografía: p. 287-293
651 4 _aMéxico
_xVida social y costumbres
_9769
651 4 _aMéxico
_xHistoria
_9614
651 4 _aMéxico
_xCondiciones sociales
_9810
700 1 _aEscalante Gonzalbo, Pablo
_d1963-
_914679
700 1 _aZárate Toscano, Verónica
_915216
942 _2lcc
_cB
999 _c5717
_d5717